00366nam a2200145Ia 4500008004000000082001700040100002100057245004000078260003900118300001100157650002000168650000700188650001400195650001100209210210b1962 xxu||||| |||| 00| 0 eng d a541.223 ELIS aELIEL (Ernest L) aStereochemistry of carbon compounds aLondonbMcGraw Hill Book Co.c1962 axv,486 aStereochemistry aof acompounds acarbon